Арабская история

Bibliographische Detailangaben
1. Verfasser: На Чжн
Zusammenfassung:Книга на китайском языке
Sprache:Chinesisch
Veröffentlicht: Пекин, Коммерческое печатное изд-во, 2005
Schriftenreihe:Библиотека Китая
Format: MixedMaterials Buch
KOHA link:https://koha.lib.tpu.ru/cgi-bin/koha/opac-detail.pl?biblionumber=118623

MARC

LEADER 00000nam1a2200000 4500
001 118623
005 20231031124210.0
010 |a 710004328X 
035 |a (RuTPU)RU\TPU\book\128361 
090 |a 118623 
100 |a 20070615d2005 m y0rusy50 ca 
101 0 |a chi 
102 |a CN 
200 1 |a Арабская история  |f На Чжн 
210 |a Пекин  |c Коммерческое печатное изд-во  |d 2005 
225 1 |a Библиотека Китая 
300 |a Книга на китайском языке 
700 0 |a На Чжн 
801 1 |a RU  |b 63413507  |c 20070615  |g PSBO 
801 2 |a RU  |b 63413507  |c 20220531  |g RCR 
942 |c BK